Statistics for The Clues are in German - Music

Click here to take the quiz!

General Stats

  • This quiz has been taken 46 times
  • The average score is 12 of 16

Answer Stats

HintAnswer% Correct
Wie lautet der Nachname von Jackie, Jermaine, Tito, Marlon und Michael? Jackson
95%
In welchem musikalischen Genre brillierten Charlie Parker und Miles Davis?Jazz
93%
Wer war neben John, Paul und George ab 1962 Teil der Beatles?Ringo Starr
88%
Welches Instrument spielt Keith Richards?E-Gitarre
85%
Welches Festival, das 1969 im Staat New York stattfand, gilt als Höhepunkt der Hippie-Bewegung?Woodstock
85%
Salieri war angeblich der größte Rivale welchen österreichen Wunderkinds?Wolfgang Amadeus Mozart
80%
In welchem Film singt Judy Garland "Somewhere over the Rainbow"?Der Zauberer von Oz
78%
Ein von Queen geliebtes Radio - oder eine Lady, die "Pokerface" sangGaga
78%
Luciano Pavarotti, Plácido Domingo und José Carreras bilden die drei...?Tenöre
78%
Wie heißt der bekannteste argentinische Tanz?Tango
71%
Welcher Italiener komponierte die Opern "Nabucco" und "Aida"?Giuseppe Verdi
68%
Musical über Jean Valjean, das auf einem Roman von Victor Hugo basiertLes Miserables
66%
Diese als "Spatz von Paris" bekannte Chansonistin sang "La Vie en rose"Édith Piaf
63%
Dr. Dre, Ice Cube und Eazy-E sind "Straight Outta ____"?Compton
61%
In welchem Moskauer Theater tritt die größte Ballett-Truppe der Welt auf?im Bolschoi
61%
Was beginnt mit den Worten "Allons enfants de la Patrie..."?Die Marseillaise
39%

Score Distribution

Percentile by Number Answered

Percent of People with Each Score

Your Score History

You have not taken this quiz